Estadísticas para Campeones de Champions League y Libertadores

Haz click aquí para intentar la prueba.

Estadísticas generales

  • Esta prueba ha sido intentada 148 veces
  • La puntuación promedio es 7 de 15

Estadísticas de respuestas

ChampionsLibertadoresJugador% Correcto
5 - Real Madrid1 - FluminenseMarcelo
98%
1 - Manchester City1 - River PlateJulián Álvarez
83%
1 - Barcelona1 - SantosNeymar Jr
83%
1 - Barcelona1 - MineiroRonaldinho
81%
1 - Manchester United1 - Boca JuniorsCarlos Tévez
63%
1- Milan2 - São PauloCafú
47%
1 - Chelsea1 - FlamengoDavid Luiz
46%
2 - Milan1 - CruzeiroDida
40%
1 - Bayern de Múnich1 - FlamengoRafinha
23%
1 - Chelsea1 - PalmeirasRamires
21%
1 - Inter de Milán1 - Boca JuniorsWalter Samuel
20%
1 - Chelsea1 - Boca JuniorsWilly Caballero
17%
1 - Juventus1 - River PlateJuan Pablo Sorín
14%
2 - Real Madrid1 - SantosDanilo
13%
1 - Milan1 - PalmeirasRoque Júnior
6%

Distribución de puntuación

Porcentaje por número respondido

Porcentaje de gente con cada puntuación

Historial de tus puntuaciones

No has intentado esta prueba.